000 00490nmm a2200157Ia 4500
008 251105s9999||||xx |||||||||||||||||und||
020 _a9788431516284
041 _aspa
100 _ade expertos 2100, Equipo
245 0 _aManual de magia matemática con las cartas
264 _a[Madrid, España] :
_bDe Vecchi,
_c[Fecha de publicación no identificada]
300 _a0 páginas
650 _aTravel & Sports
856 _uhttps://public.digitaliapublishing.com/a/123072
942 _cCF
999 _c80959
_d80959